000 00732cam a2200241 a 4500
001 1918497
003 GBCCL
005 20241126110430.0
008 850730s1983 nyu 000 0deng
010 _a 85117679
020 _c$2.75 (pbk.)
040 _aDLC
_cDLC
_dDLC
_dOCoLC
050 0 0 _aBJ1611.2
_b.T45 1983
082 0 0 _a920.00904
_aB
_219
_bTHE
245 0 0 _aThey beat the odds /
_cthe editors of Reader's digest.
260 _aNew York (200 Madison Ave., New York 10016) :
_bBerkley Books,
_cc1983.
300 _a275 p. ;
_c18 cm.
500 _a"A Berkley/Reader's digest book."
650 0 _aSuccess.
_91179
730 0 _aReader's digest.
_95151
906 _a7
_bcbc
_corignew
_d3
_encip
_f19
_gy-gencatlg
942 _2ddc
_cBK
999 _c2479
_d2479